Score 0/20 Timer 02:00
4 Plays Today
% Correct
Stairway
95.1%
Fast
93.3%
Roll
92.5%
Own
91.4%
Fooled
79%
Baba
78.4%
Eyes
77%
Black
74.6%
Kid
73%
Last
69.1%
% Correct
Second
68.5%
Loving
64.9%
Levee
58.4%
Stop
56.7%
Gold
56.4%
Misty
46.8%
Victim
24%
Song
22.8%
Tune
19.3%
Wasted
15.8%

Today's Daily Dose

Remove Ads.
Support Sporcle.
Get the best of Sporcle when you Go Orange. This ad-free experience offers more features, more stats, and more fun while also helping to support Sporcle. Thank you for becoming a member.

You're not logged in!

Compare scores with friends on all Sporcle quizzes.
OR
Log In

Show Comments

Extras

Top Quizzes Today


Score Distribution

Your Account Isn't Verified!

In order to create a playlist on Sporcle, you need to verify the email address you used during registration. Go to your Sporcle Settings to finish the process.

Report this User

Report this user for behavior that violates our Community Guidelines.

Details: